<?xml version="1.0" encoding="UTF-8"?>
<collection xmlns="http://www.loc.gov/MARC21/slim">
 <record>
  <leader>00598pamaa2200169   4500</leader>
  <controlfield tag="001">0000036319</controlfield>
  <controlfield tag="005">20081211090000.0</controlfield>
  <controlfield tag="008">081211                             bm   </controlfield>
  <datafield tag="020" ind1="0" ind2="0">
   <subfield code="a">9789673004140 (pbk.) </subfield>
  </datafield>
  <datafield tag="090" ind1="0" ind2="0">
   <subfield code="a">LB1623.53.M4 </subfield>
   <subfield code="b">GOA 2008</subfield>
  </datafield>
  <datafield tag="100" ind1="1" ind2="0">
   <subfield code="a">Goay </subfield>
  </datafield>
  <datafield tag="245" ind1="1" ind2="0">
   <subfield code="a">Teks pra-U STPM Pengajian Am Kertas 2  </subfield>
   <subfield code="c">Goay Teck Chong, Wong Yew Hong and Suraini Basir.</subfield>
  </datafield>
  <datafield tag="260" ind1="0" ind2="0">
   <subfield code="a">Petaling Jaya, Selangor: </subfield>
   <subfield code="b">Pearson Malaysia Sdn. Bhd., </subfield>
   <subfield code="c">2008.</subfield>
  </datafield>
  <datafield tag="300" ind1=" " ind2=" ">
   <subfield code="a">xxxvi, 404 p.: </subfield>
   <subfield code="b">ill.; </subfield>
   <subfield code="c">27 cm.</subfield>
  </datafield>
  <datafield tag="650" ind1="0" ind2="0">
   <subfield code="a">Current events -- </subfield>
   <subfield code="x">Problems, exercises, etc </subfield>
  </datafield>
  <datafield tag="700" ind1="1" ind2="1">
   <subfield code="a">Wong, </subfield>
   <subfield code="h">Yew Hong </subfield>
  </datafield>
  <datafield tag="901" ind1=" " ind2=" ">
   <subfield code="u">www.pearsoned.com.my</subfield>
  </datafield>
 </record>
</collection>
